| 000 | 00696nam a2200181Ia 4500 | ||
|---|---|---|---|
| 008 | 090630s9999 xx 000 0 und d | ||
| 082 | _b11206 | ||
| 100 | _aअवचट काकासाहेब. | ||
| 245 |
_aसरस्वतीचा महान उपासक. _cअवचट काकासाहेब. |
||
| 260 |
_bसौभाग्य. _c1990 |
||
| 300 | _a128 | ||
| 600 | _aअवचट काकासाहेब. | ||
| 630 | _aसरस्वतीचा महान उपासक. | ||
| 655 | _aकादंबरी. | ||
| 700 | _aअवचट काकासाहेब. | ||
| 730 | _aसरस्वतीचा महान उपासक. | ||
| 942 | _cBOOK | ||
| 999 |
_c263062 _d263062 |
||